000 nam a22 7a 4500
999 _c128969
_d128969
008 190212b xxu||||| |||| 00| 0 eng d
050 _aBX2179.L8
_bC462
100 _aChapelle, Albert
_944565
245 _aLa pratique litterale des exercices spirituels individuellement guides
_cAlbert Chapelle
260 _aRoma
_bCentrum Ignatianum SpiritualitATIS
_c1986
300 _a97p. ;
_c24cm.
650 _aSpiritual Exercises
_xCriticism
_932276
942 _2lcc
_cMONOGRAPH